Komparatívna analýza účtovných systémov v SR bakalárska práca

Gespeichert in:
Bibliographische Detailangaben
1. Verfasser: Šandrejová, Barbora
Körperschaft: Fakulta hospodárskej informatiky EU. Katedra účtovníctva a audítorstva
Weitere Verfasser: Solík, Ján
Format: Buch
Sprache:Slowakisch
Veröffentlicht: Bratislava 2009
Tags: Tag hinzufügen
Keine Tags, Fügen Sie das erste Tag hinzu!

MARC

LEADER 00000nam$a2200000$$$4500
001 0102276
005 20240318134704.3
041 0 |a slo 
044 |a SK 
245 1 0 |a Komparatívna analýza účtovných systémov v SR  |b bakalárska práca  |c Barbora Šandrejová ; škol. Ján Solík 
264 1 |a Bratislava  |c 2009 
300 |a 34 s. 
100 1 |a Šandrejová, Barbora 
700 1 |a Solík, Ján 
710 2 |a Fakulta hospodárskej informatiky EU. Katedra účtovníctva a audítorstva